000
00222nam a22000977a 4500
041
_a
eng
080
_a
80
100
_a
Смирнов, А.А.
245
_a
Проблемы психологии памяти.
999
_c
280939
_d
280939
942
_c
BK